Brand management : (Record no. 86305)

MARC details
000 -LEADER
fixed length control field 00587nam a22002057a 4500
005 - DATE AND TIME OF LATEST TRANSACTION
control field 20140811114217.0
010 ## - LCCN (DPL NO)
LC control number ENG-110356
020 ## - INTERNATIONAL STANDARD BOOK NUMBER
International Standard Book Number 9789350621745
Terms of availability 395.00
035 ## - SYSTEM CONTROL NUMBER
System control number EN-93888
037 ## - SOURCE OF ACQUISITION
Source of stock number/acquisition DBAD/PUB
082 ## - DEWEY DECIMAL CLASSIFICATION NUMBER
Classification number 658.827
100 ## - MAIN ENTRY--PERSONAL NAME
Personal name Verma, Harsh V.
245 ## - TITLE STATEMENT
Title Brand management :
Statement of responsibility, etc by Harsh V. Verma
Remainder of title text and cases /
250 ## - EDITION STATEMENT
Edition statement 3rd ed
260 ## - PUBLICATION, DISTRIBUTION, ETC. (IMPRINT)
Place of publication, distribution, etc New Delhi
Name of publisher, distributor, etc Excel Books
Date of publication, distribution, etc 2013(repr.)
270 ## - ADDRESS
Address A-45, Naraina, Phase I
City New Delhi
Postal code 110028
300 ## - PHYSICAL DESCRIPTION
Extent xii,573p.
Dimensions 27cm(pbk)
500 ## - GENERAL NOTE
General note Includes index
942 ## - ADDED ENTRY ELEMENTS (KOHA)
Source of classification or shelving scheme Dewey Decimal Classification
Item type English Books
Call number suffix VER
Classification part 658.827
Holdings
Withdrawn status Lost status Not for loan Collection code Home library Current library Date acquired Source of acquisition Cost, normal purchase price Full call number Barcode Copy number Cost, replacement price Koha item type
    Not For Loan Non-fiction D.B.Act.Division D.B.Act.Division 02/07/2014 DBAD/PUB 395.00 658.827 VER EN-93888 1 395.00 English Books

© Delhi Public Library
Hit Counter
free hit counter